| 000 | 00851nam0a22002531 4500 | ||
|---|---|---|---|
| 001 | RU\NLR\A1SV\95961 | ||
| 005 | 20251203171251.9 | ||
| 035 | _a(NLR Aleph) 009777314 | ||
| 090 |
_a10080646 _c10080646 |
||
| 100 | _a20090624d1926 u y0rusy50 ca | ||
| 101 | 0 | _arus | |
| 102 | _aRU | ||
| 200 | 1 |
_aГод работы крестьянских обществ взаимопомощи Саратовской губернии _fОтв. ред. С.С.Шаин |
|
| 210 |
_aСаратов _cСарат. губ. ком. крест. о-в взаимопомощи _d1926 |
||
| 215 |
_a76, III с. _d17 см |
||
| 620 | _dСаратов | ||
| 702 | 1 |
_aШаин _bС.С. _f1903-1963 _gСоломон Самуилович |
|
| 801 | 0 |
_aRU _bNLR _c20090624 |
|
| 852 |
_aNLR _j36/989 |
||
| 899 | _aРГБ | ||
| 942 | _cBOOK | ||
| 980 | _aNB | ||
| 980 | _aA1SV | ||